| 000 | 00546nam a2200181 a 4500 | ||
|---|---|---|---|
| 999 |
_c2200 _d2200 |
||
| 001 | 2200 | ||
| 003 | CDMR | ||
| 005 | 20231024122338.0 | ||
| 008 | 130130s1983||||||||||||||||||||||||||||d | ||
| 020 | _a8450093414 | ||
| 040 |
_aCDMR _bcat _cCDMR |
||
| 100 | 1 |
_9417 _aGuillamet, Jaume |
|
| 245 | 1 | 3 |
_aLa premsa comarcal _b: un model catalĂ de periodisme popular _c/ Jaume Guillamet |
| 260 |
_aBarcelona : _bGeneralitat de Catalunya. Departament de Cultura, _c1983 |
||
| 300 | _a462 p. | ||
| 650 | 0 | 4 |
_93717 _aPremsa comarcal _zCatalunya |
| 942 |
_cMON _2udc |
||